000 01131nam a2200337Ia 4500
001 dia_4543
003 CHAP
005 20251023170644.0
008 220117s2007 xx 000 0 und d
010 _a175204
020 _a978-0-7637-3762-7 \ 0-7637-3762-7
040 _cCHAP
082 _a576 P66 2007
100 _aPommerville, Jeffrey C.
_990757
245 _aAlcamo's fundamentals of microbiology /
_c Jeffrey C. Pommerville
250 _a8a ed.
260 _aEstados Unidos de América :
_b Jones and Bartlett Publishers,
_c2007
300 _a1 v. (pag. variada)
500 _aAnteriormente publicada como: Fundamentals of microbiology / Edward I. Alcamo. 6th ed. Sudbury, Mass. : Jones and Bartlett, 2001
503 _aC/e
504 _aIncluye bibliografías
590 _aQR41.2 P66 2007
650 _aMedical microbiology
_9150574
650 _aMicrobiología
_975490
650 _aMicrobiología médica
_9150575
650 _aMicrobiology
_9150545
901 _a576 P66 2007
902 _aM
905 _a5232272007 -usadim8222223322eng16
942 _cLIBRO
_2ddc
999 _c175204
_d175204